| 000 | 00508nam a22001457a 4500 | ||
|---|---|---|---|
| 003 | ASAB | ||
| 005 | 20180827062831.0 | ||
| 008 | 180509t xxu||||| |||| 00| 0 eng d | ||
| 040 | _cASAB | ||
| 100 |
_aHasan Afzaal-sup-Dr. Muhammad Ali _93816 |
||
| 245 |
_aTH-MS-Generation, isolation and confirmation of mono-specific antibodies againsr antigen A of ABO blood gerouping system _cHasan Afzaal-sup-Dr. Muhammad Ali |
||
| 260 |
_aIslamabad _bASAB (NCVI) _c2011 |
||
| 300 |
_axvii, 72 P _b30 cm |
||
| 942 |
_2ddc _cTH |
||
| 999 |
_c480808 _d480808 |
||